ARRUPE JESUIT UNIVERSITY

CORONAVIRUS -STOP THE SPREAD - CLEAN,DISINFECT,COVER

The pilgrims' way in South Africa, (Record no. 124011)

MARC details
000 -LEADER
fixed length control field 00942cam a2200265I 4500
001 - CONTROL NUMBER
control field 4730280
003 - CONTROL NUMBER IDENTIFIER
control field ARRUPE
005 - DATE AND TIME OF LATEST TRANSACTION
control field 20160122114820.0
008 - FIXED-LENGTH DATA ELEMENTS--GENERAL INFORMATION
fixed length control field 740524s1928 enkabcf 000 0 eng u
010 ## - LIBRARY OF CONGRESS CONTROL NUMBER
LC control number 29018772
035 ## - SYSTEM CONTROL NUMBER
System control number (OCoLC)ocm00895453
035 ## - SYSTEM CONTROL NUMBER
System control number (NNC)4730280
040 ## - CATALOGING SOURCE
Transcribing agency NYG
Modifying agency OCL
-- NYP
043 ## - GEOGRAPHIC AREA CODE
Geographic area code f-sa---
-- f-rh---
050 0# - LIBRARY OF CONGRESS CALL NUMBER
Classification number SPC DT732
Item number .F3
098 ## - OTHER CLASSIFICATION SCHEMES (OCLC)
Call number based on other classification scheme Jk1
300 ## - PHYSICAL DESCRIPTION
Other physical details col. front., illus., plates, ports., map.
Dimensions 26 cm.
100 1# - MAIN ENTRY--PERSONAL NAME
Personal name Fairbridge, Dorothea.
9 (RLIN) 21729
245 14 - TITLE STATEMENT
Title The pilgrims' way in South Africa,
Statement of responsibility, etc by Dorothea Fairbridge. With a frontispiece in colour by R. Gwelo Goodman, 32 photogravures from photographs by Lancelot Ussher and many other illustrations.
260 ## - PUBLICATION, DISTRIBUTION, ETC. (IMPRINT)
Place of publication, distribution, etc London,
Name of publisher, distributor, etc Oxford University Press,
Date of publication, distribution, etc 1928.
300 ## - PHYSICAL DESCRIPTION
Extent xi, 195 p.;
651 #0 - SUBJECT ADDED ENTRY--GEOGRAPHIC NAME
Geographic name South Africa
General subdivision Description and travel.
9 (RLIN) 21730
651 #0 - SUBJECT ADDED ENTRY--GEOGRAPHIC NAME
Geographic name Zimbabwe
General subdivision Description and travel.
9 (RLIN) 9736
942 ## - ADDED ENTRY ELEMENTS (KOHA)
Source of classification or shelving scheme Library of Congress Classification
Koha item type Monograph ( Printed materials)
Holdings
Withdrawn status Lost status Source of classification or shelving scheme Damaged status Not for loan Collection code Home library Current library Shelving location Date acquired Total Checkouts Full call number Barcode Date last seen Price effective from Koha item type
    Library of Congress Classification     Main Collection ARRUPE LIBRARY ARRUPE LIBRARY Main Collection 22/01/2016   SPC DT732.F3 46500006012 22/01/2016 22/01/2016 Monograph ( Printed materials)

 

Arrupe Library. PO Box MP320 Mt Pleasant, Harare, Zimbabwe
263 242 745411|librarian@aju.ac.zw